| 000 | 01108nam a2200325 i 4500 | ||
|---|---|---|---|
| 001 | 12470 | ||
| 003 | KOSZ 005 | ||
| 005 | 20191015092153.0 | ||
| 008 | s1965 pl f d |000 0 pol | ||
| 040 |
_cBPK _dKOSZ 005/EG |
||
| 041 | _apol | ||
| 046 | _k1965 | ||
| 080 | _a621.039 | ||
| 080 | _a539 | ||
| 080 | _a(03) | ||
| 100 | 1 |
_aSube, Ralf. _eAutor |
|
| 245 | 0 |
_aSłownik fizyki i techniki jądrowej : angielsko-niemiecko-rosyjsko-francuski. _cRalf Sube. _nCz. polska |
|
| 260 |
_aWarszawa : _bWydaw. Naukowo-Techniczne, _c1965. |
||
| 300 |
_a219, [1] s, [2] k. tabl. : _bil. ; _c22 cm. |
||
| 380 | _aKsiążki. | ||
| 501 | _aAut. części polskiej: Choiński Waldemar. | ||
| 650 | 4 | _aTechnika jądrowa | |
| 655 | 4 | _aSłownik terminologiczny | |
| 650 | 4 | _aFizyka jądrowa | |
| 655 | 4 | _aSłownik wielojęzyczny | |
| 700 | 1 |
_aChoiński, Waldemar _eAutor |
|
| 710 |
_aWydawnictwa Naukowo-Techniczne _4pbl. |
||
| 856 |
_uhttp://koha.tu.koszalin.pl/cgi-bin/koha/opac-detail.pl?biblionumber=12470 _yKatalog online BPK |
||
| 942 |
_2UKD _cKS |
||
| 999 |
_c12470 _d12470 |
||